Top 100 reichste Länder der Welt - Statistiken

Allgemein
  • Dieses Quiz wurde 411 mal gespielt
  • Das Durchschnittsergebnis liegt bei 73 aus 100
Antwortstatistiken
Platz Land % Korrekt
04. Deutschland
99%
🥇 Vereinigte Staaten
99%
🥈 China
98%
18. Russland
97%
05. Vereinigtes Königreich
97%
06. Frankreich
96%
🥉 Japan
96%
12. Spanien
96%
16. Schweiz
95%
11. Australien
93%
17. Brasilien
93%
07. Indien
93%
09. Italien
93%
08. Kanada
93%
23. Schweden
93%
43. Finnland
92%
28. Norwegen
92%
15. Mexiko
90%
27. Österreich
90%
33. Portugal
90%
29. Polen
89%
10. Südkorea
89%
57. Argentinien
88%
37. Türkei
87%
14. Niederlande
86%
34. Ägypten
85%
21. Belgien
85%
26. Dänemark
84%
42. Griechenland
84%
61. Marokko
84%
40. Südafrika
84%
64. Luxemburg
83%
24. Saudi-Arabien
83%
45. Tschechien
83%
48. Ukraine
83%
44. Chile
82%
22. Iran
82%
41. Irland
82%
30. Neuseeland
82%
75. Slowenien
82%
20. Indonesien
80%
66. Slowakei
80%
83. Island
79%
71. Kroatien
79%
76. Serbien
79%
52. Kolumbien
78%
67. Bulgarien
77%
90. Estland
77%
32. Israel
77%
82. Lettland
77%
54. Peru
77%
51. Rumänien
77%
55. Ungarn
77%
80. Litauen
76%
31. Thailand
76%
35. Vereinigte Arabische Emirate
75%
39. Vietnam
75%
46. Kasachstan
73%
60. Algerien
72%
92. Albanien
71%
58. Katar
71%
47. Nigeria
71%
72. Uruguay
71%
68. Belarus
70%
87. Bolivien
70%
49. Pakistan
70%
25. Singapur
68%
74. Oman
67%
89. Bosnien-Herzegowina
66%
97. Paraguay
65%
77. Tunesien
64%
50. Malaysia
63%
79. Panama
63%
69. Ecuador
62%
94. DR Kongo
61%
86. Zypern
61%
36. Bangladesch
57%
85. Ghana
57%
56. Kenia
57%
💯 Malta
57%
84. Bahrain
56%
53. Kuwait
56%
13. Taiwan
56%
73. Costa Rica
55%
38. Philippinen
55%
78. Aserbaidschan
51%
70. Jordanien
51%
99. Kambodscha
50%
62. Libanon
49%
65. Myanmar
48%
88. Nepal
48%
59. Sri Lanka
46%
81. Tansania
46%
63. Äthiopien
45%
95. Nicaragua
40%
91. Turkmenistan
40%
98. Moldau
35%
93. Simbabwe
24%
96. Mauritius
18%
19. Hong Kong
8%
Keine übereinstimmenden Quizze gefunden
Verteilung der Resultate
Anzahl Personen mit jedem Resultat
Perzentil nach korrekt beantworteten Fragen
Ihre Resultats-Entwicklung
Sie haben dieses Quiz noch nicht gespielt